000 00377nam a2200109Ia 4500
008 230320s9999||||xx |||||||||||||| ||spa||
082 _aTMI/2007/30
100 _aSeco Del Pozo, Carlos Javier
245 0 _aDiseño Curricular De Aula Educación Religiosa Del 1ª A 5º De Secundaria, Institución Educativa Cristo Rey - Hermanos Maristas
260 _bLima 2007
942 _80
_cLIB
999 _c45964
_d45964